000 00378nam a2200133Ia 4500
008 230917s9999||||xx |||||||||||||| ||und||
040 _e97113
_aMAIN
041 _aEnglish
082 _a370 Y1S
100 _aYadav, Parveen
245 0 _aStudy of personality traits of adolescent at senior secondary level in government schools at Mohindergarh
300 _av. p.
942 _cTH
999 _c89049
_d89049